Numa Ilha - Marina Sena - Statistics

Estatísticas Gerais
  • Esse quiz foi jogado 23 vezes
  • A pontuação média é 81 de 124
Estatísticas das Respostas
Resposta % Correto
a
100%
de
100%
é
100%
e
100%
ilha
100%
ama
86%
me
86%
numa
86%
você
86%
na
79%
no
79%
que
79%
com
71%
dizendo
71%
lua
71%
mágico
71%
minha
71%
o
71%
se
71%
tão
71%
amor
64%
descalça
64%
eu
64%
gente
64%
junto
64%
mar
64%
te
64%
bom
57%
canga
57%
ce
57%
cheiro
57%
dia
57%
do
57%
essa
57%
57%
jeito
57%
melhor
57%
pra
57%
quero
57%
seu
57%
sinto
57%
um
57%
ver
57%
além
50%
bem
50%
cabelo
50%
cama
50%
dando
50%
enquanto
50%
entrar
50%
ficar
50%
fogo
50%
fosse
50%
inteiro
50%
janela
50%
leva
50%
levando
50%
levava
50%
maresia
50%
noite
50%
orbitar
50%
quiser
50%
refletindo
50%
sobre
50%
terra
50%
vento
50%
acordar
43%
beijando
43%
brincando
43%
café
43%
corpo
43%
dentro
43%
frente
43%
levanta
43%
ou
43%
perguntando
43%
pro
43%
vamo
43%
Nenhum quiz correspondente encontrado
Distribuição das Pontuações
Porcentagem de Pessoas com Cada Pontuação
Percentil de Números Respondidos
Sua Pontuação Histórica
Você não jogou esse quiz